Enciclopedia Farmacéutica / (Record no. 120620)

MARC details
000 -LEADER
campo de control de longitud fija 01054nam a2200229 i 4500
001 - NÚMERO DE CONTROL
campo de control 120620
003 - IDENTIFICADOR DE NÚMERO DE CONTROL
campo de control ES-MaACL
005 - FECHA Y HORA DE LA ÚLTIMA TRANSACCIÓN
campo de control 20230906191604.0
007 - CAMPO FIJO DE DESCRIPCIÓN FÍSICA--INFORMACIÓN GENERAL
campo de control de longitud fija t|
008 - DATOS DE LONGITUD FIJA--INFORMACIÓN GENERAL
campo de control de longitud fija 070214s1962 sp r ||||1| spa d
245 00 - MENCIÓN DEL TÍTULO
Título Enciclopedia Farmacéutica /
Mención de responsabilidad, etc. dirigida por Prof. Dr. A. del Pozo, Prof. Dr. E. Gastón de Iriarte.
260 ## - PUBLICACIÓN, DISTRIBUCIÓN, ETC.
Lugar de publicación, distribución, etc. Barcelona [etc.] :
Nombre del editor, distribuidor, etc. Ed. Científico-Médica,
Fecha de publicación, distribución, etc. 1962.
300 ## - DESCRIPCIÓN FÍSICA
Extensión 2 v. :
Otras características físicas il. ;
Dimensiones 25 cm.
505 8# - NOTA DE CONTENIDO CON FORMATO
Nota de contenido con formato Contiene: I. Drogas y productos Químicos redactado por... Juan M. García Marquina... Alfonso del Pozo... Ramón San Martín. XIII h. 1130 p. -- II. Farmacotecnia. Técnicas preparatorias y medicamentos redactado por... M. Folch... E. Gaston de Iriarte... M. Losa... VIII. 1366 p.
650 #4 - PUNTO DE ACCESO ADICIONAL DE MATERIA--TÉRMINO DE MATERIA
Término de materia o nombre geográfico como elemento de entrada Farmacia-
Subdivisión de forma Enciclopedias.
9 (RLIN) 168667
700 1# - ENTRADA AGREGADA--NOMBRE PERSONAL
Nombre de persona Pozo Carrascosa, Alfonso del.
9 (RLIN) 93533
700 1# - ENTRADA AGREGADA--NOMBRE PERSONAL
Nombre de persona Gastón de Iriarte, E.
9 (RLIN) 55946
700 1# - ENTRADA AGREGADA--NOMBRE PERSONAL
Nombre de persona García-Marquina Rodrigo, Juan Marino.
9 (RLIN) 54892
700 1# - ENTRADA AGREGADA--NOMBRE PERSONAL
Nombre de persona San Martín, Ramón.
9 (RLIN) 102267
700 1# - ENTRADA AGREGADA--NOMBRE PERSONAL
Nombre de persona Folch, G.
9 (RLIN) 51438
852 ## - LOCALIZACIÓN
Ubicación ES-MaACL
Número de control de estantería P-1041-bis
Sublocalización o colección R.50001
Holdings
Estatus retirado Estado de pérdida Estado de daño No para préstamo Colección Biblioteca de origen Biblioteca actual Ubicación en estantería Fecha de adquisición Fuente de adquisición Total de préstamos Signatura topográfica completa Código de barras Visto por última vez Precio de reemplazo Tipo de ítem Koha
        Colección de referencia Biblioteca del Ateneo de Madrid Biblioteca del Ateneo de Madrid Depósito 2 17/01/2008     P-1041-bis 1125727 23/02/2023 23/02/2023 Libro impreso